Statistics for ivy - Taylor Swift (All Lyrics)

Click here to take the quiz!

General Stats

  • This quiz has been taken 668 times
  • The average score is 332 of 373

Answer Stats

Answer% Correct
a
100%
an
100%
I
100%
you
100%
You
100%
And
99%
and
99%
in
99%
In
99%
ivy
99%
my
99%
My
99%
The
99%
the
99%
of
98%
Your
98%
your
98%
grows
97%
I'm
97%
Now
97%
now
97%
to
97%
covered
96%
it
95%
me
95%
Oh
95%
goddamn
94%
hand
94%
house
94%
it's
94%
It's
94%
be
93%
but
93%
But
93%
for
93%
know
93%
on
93%
palm
93%
stone
93%
he
92%
He
92%
can't
91%
land
91%
So
91%
so
91%
where
91%
do
90%
fits
90%
freezing
90%
meet
90%
been
88%
I'd
88%
spirit
88%
another
87%
dream
87%
meets
87%
pain
87%
Stop
87%
stop
87%
what
87%
What
87%
one
86%
promised
86%
putting
86%
roots
86%
forgotten
85%
How's
84%
if
83%
faith
82%
from
82%
mine
82%
out
82%
bones
81%
here
81%
is
81%
just
81%
started
81%
this
81%
us
81%
every
80%
living
80%
see
80%
sit
80%
that
80%
we
80%
all
79%
day
79%
don't
79%
fight
79%
glow
79%
He's
79%
life
79%
Taking
79%
wait
79%
wish
79%
yeah
79%
found
78%
old
78%
snow
78%
time
78%
war
78%
are
77%
dark
77%
husband's
77%
wine
77%
would
77%
burn
76%
eyes
76%
drink
75%
ground
75%
long
75%
blaze
74%
does
74%
fire
74%
goes
74%
Grieving
74%
only
74%
yours
74%
gonna
73%
grand
73%
wants
73%
brought
72%
cursed
72%
fear
72%
opal
72%
Tarnished
72%
touch
72%
what's
72%
incandescent
71%
near
71%
Spring
71%
widow
71%
breaks
70%
forth
70%
room
70%
tell
70%
loose
69%
Magnificently
69%
run
69%
makes
67%
moments
67%
become
66%
fatal
66%
stole
66%
borrowed
65%
die
65%
fields
65%
flaw
65%
live
65%
watch
64%
blooms
63%
clear
63%
Or
63%
begged
62%
coast
61%
Clover
60%
dare
56%
we'll
56%
moon
55%
Crescent
53%

Score Distribution

Percentile by Number Answered

Percent of People with Each Score

Your Score History

You have not taken this quiz